000 00835nam a22003137a 4500
001 BR0805145
003 BR-BrBNA
005 20230928102651.0
007 ta
008 230509b bl.||||| |||| 00| 0 por d
040 _aBR-BrBNA
_bpor
_cBiblioteca Nacional de Agricultura
041 _a(Por)
072 _aL70; L73
_b6100
_b3888
090 _ 6100 BR0805145
100 1 _aBorne, P.M.
100 1 _aComte, S.
245 1 _aVacinas e vacinação na produção avícola
260 3 _aSão Paulo, SP (Brasil):
_c2003.
300 _a140 p.
500 _a30 tables; 28 illus. Bibliography p. 131-133
650 _aAVE DOMÉSTICA
650 _aDOENÇA ANIMAL
650 _aVACINA
650 _aGRANJA
650 _aECOLOGIA ANIMAL
650 _aBIOQUÍMICA ANIMAL
909 _a202309
_bLucia
_c55
_dLucia Elande
942 _cBK
999 _c71950
_d71950